Composition and writing skills / (Record no. 157634)

MARC details
000 -LEADER
fixed length control field 00674nam a22001817a 4500
005 - DATE AND TIME OF LATEST TRANSACTION
control field 20180922143344.0
010 ## - LCCN (DPL NO)
LC control number ENG-124026
020 ## - INTERNATIONAL STANDARD BOOK NUMBER
International Standard Book Number 9788125063261
Terms of availability 105.00
035 ## - SYSTEM CONTROL NUMBER
System control number EN-107558
037 ## - SOURCE OF ACQUISITION
Source of stock number/acquisition DBAD/PUB
082 ## - DEWEY DECIMAL CLASSIFICATION NUMBER
Classification number 372.6044
245 ## - TITLE STATEMENT
Title Composition and writing skills /
260 ## - PUBLICATION, DISTRIBUTION, ETC. (IMPRINT)
Place of publication, distribution, etc Hyderabad
Name of publisher, distributor, etc Orient BlackSwan Pvt. Ltd.
Date of publication, distribution, etc 2016
270 ## - ADDRESS
City Hyderabad
Postal code 500029
Address 3-6-752 Himayatnagar,
300 ## - PHYSICAL DESCRIPTION
Extent 170p
Dimensions 24cm.(pbk.)
500 ## - GENERAL NOTE
General note This book has been prepared for undergraduate students by a Board of Editors under the supervision and direction of the Department of English, Punjabi University, Patiala
942 ## - ADDED ENTRY ELEMENTS (KOHA)
Source of classification or shelving scheme Dewey Decimal Classification
Item type English Books
Classification part 372.6044
Call number suffix COM
Holdings
Withdrawn status Lost status Not for loan Collection code Home library Current library Date acquired Source of acquisition Cost, normal purchase price Full call number Barcode Copy number Cost, replacement price Koha item type
    Not For Loan Non-fiction D.B.Act.Division Sarojini Nagar 22/09/2018 DBAD/PUB 105.00 372.6044 COM EN-107558 1 105.00 English Books

© Delhi Public Library
Hit Counter
free hit counter